Sports Quiz

Random Sports or NFL Quiz

NFL Starting QBs During Eli's Streak (NFC) Quiz Stats

Quiz Updated Dec 17, 2017

Challenge
Share
Tweet
Embed
Score 0/165 Timer 20:00
6 Plays Today
Team Quarterback % Correct
Green Bay PackersAaron Rodgers
93.4%
New Orleans SaintsDrew Brees
91.7%
Carolina PanthersCam Newton
89.5%
Atlanta FalconsMatt Ryan
89.3%
Detroit LionsMatthew Stafford
89%
Minnesota VikingsBrett Favre
88.4%
Green Bay PackersBrett Favre
88.4%
New York GiantsEli Manning
87.1%
Seattle SeahawksRussell Wilson
87%
Dallas CowboysTony Romo
86%
Chicago BearsJay Cutler
81.4%
Minnesota VikingsSam Bradford
81.3%
St. Louis/Los Angeles RamsSam Bradford
81.3%
Philadelphia EaglesSam Bradford
81.3%
Minnesota VikingsTeddy Bridgewater
81.1%
Arizona CardinalsCarson Palmer
79.3%
Washington RedskinsKirk Cousins
78.9%
Dallas CowboysDak Prescott
78.5%
Tampa Bay BuccaneersJameis Winston
78%
Minnesota VikingsCase Keenum
77.9%
St. Louis/Los Angeles RamsCase Keenum
77.9%
Philadelphia EaglesCarson Wentz
76.8%
Atlanta FalconsMichael Vick
76.2%
Philadelphia EaglesMichael Vick
76.2%
San Francisco 49ersAlex Smith
74.7%
San Francisco 49ersTroy Smith
73.7%
San Francisco 49ersColin Kaepernick
72.2%
Minnesota VikingsDonovan McNabb
71.7%
Philadelphia EaglesDonovan McNabb
71.7%
Washington RedskinsDonovan McNabb
71.7%
Washington RedskinsRobert Griffin III
71.6%
St. Louis/Los Angeles RamsNick Foles
71.6%
Philadelphia EaglesNick Foles
71.6%
St. Louis/Los Angeles RamsJared Goff
70.8%
Arizona CardinalsKurt Warner
69.9%
Green Bay PackersBrett Hundley
69.1%
Seattle SeahawksMatt Hasselbeck
66%
Chicago BearsMitchell Trubisky
62.5%
Minnesota VikingsBrad Johnson
61.1%
Tampa Bay BuccaneersBrad Johnson
61.1%
Dallas CowboysBrad Johnson
61.1%
Tampa Bay BuccaneersJosh Johnson
60.8%
Minnesota VikingsDaunte Culpepper
59%
Detroit LionsDaunte Culpepper
59%
Chicago BearsJosh McCown
58.5%
Tampa Bay BuccaneersJosh McCown
58.5%
Arizona CardinalsJosh McCown
58.5%
Carolina PanthersJake Delhomme
58.3%
Tampa Bay BuccaneersLuke McCown
58.1%
New Orleans SaintsLuke McCown
58.1%
Chicago BearsRex Grossman
55.8%
Washington RedskinsRex Grossman
55.8%
Green Bay PackersMatt Flynn
54.9%
Arizona CardinalsBlaine Gabbert
51.4%
San Francisco 49ersBlaine Gabbert
51.4%
Team Quarterback % Correct
Minnesota VikingsTavaris Jackson
51.3%
Seattle SeahawksTavaris Jackson
51.3%
Carolina PanthersDerek Anderson
50.4%
Arizona CardinalsDerek Anderson
50.4%
Detroit LionsJeff Garcia
49.7%
Tampa Bay BuccaneersJeff Garcia
49.7%
Philadelphia EaglesJeff Garcia
49.7%
Chicago BearsMike Glennon
49.1%
Tampa Bay BuccaneersMike Glennon
49.1%
Minnesota VikingsJosh Freeman
45.6%
Tampa Bay BuccaneersJosh Freeman
45.6%
Tampa Bay BuccaneersRyan Fitzpatrick
45.1%
St. Louis/Los Angeles RamsRyan Fitzpatrick
45.1%
Detroit LionsDrew Stanton
44.9%
Arizona CardinalsDrew Stanton
44.9%
St. Louis/Los Angeles RamsMarc Bulger
44.5%
Detroit LionsJon Kitna
44.3%
Dallas CowboysJon Kitna
44.3%
Chicago BearsKyle Orton
43.2%
Dallas CowboysKyle Orton
43.2%
New Orleans SaintsAaron Brooks
41.7%
Chicago BearsBrian Hoyer
40.9%
Arizona CardinalsBrian Hoyer
40.9%
San Francisco 49ersBrian Hoyer
40.9%
Minnesota VikingsChristian Ponder
39.1%
Dallas CowboysDrew Bledsoe
39.1%
Philadelphia EaglesVince Young
38.7%
Atlanta FalconsMatt Schaub
37.5%
Carolina PanthersMatt Moore
36.7%
Dallas CowboysKellen Moore
36.6%
Chicago BearsJason Campbell
35.6%
Washington RedskinsJason Campbell
35.6%
Washington RedskinsColt McCoy
35.3%
Philadelphia EaglesMark Sanchez
34.6%
Minnesota VikingsMatt Cassel
34.5%
Dallas CowboysMatt Cassel
34.5%
Detroit LionsJoey Harrington
33.9%
Atlanta FalconsJoey Harrington
33.9%
Minnesota VikingsShaun Hill
33.7%
Detroit LionsShaun Hill
33.7%
St. Louis/Los Angeles RamsShaun Hill
33.7%
San Francisco 49ersShaun Hill
33.7%
Carolina PanthersVinny Testaverde
33.6%
Dallas CowboysVinny Testaverde
33.6%
Arizona CardinalsMatt Leinart
31.9%
Minnesota VikingsJoe Webb
31.6%
St. Louis/Los Angeles RamsTrent Green
31.3%
Chicago BearsTodd Collins
31.3%
Washington RedskinsTodd Collins
31.3%
Chicago BearsJimmy Clausen
30.5%
Carolina PanthersJimmy Clausen
30.5%
San Francisco 49ersC.J. Beathard
29.9%
Detroit LionsDan Orlovsky
28.6%
Arizona CardinalsKevin Kolb
27.1%
Philadelphia EaglesKevin Kolb
27.1%
Team Quarterback % Correct
Green Bay PackersSeneca Wallace
27.1%
Seattle SeahawksSeneca Wallace
27.1%
Dallas CowboysBrandon Weeden
26.6%
New Orleans SaintsMark Brunell
25.9%
Washington RedskinsMark Brunell
25.9%
Green Bay PackersScott Tolzien
25.5%
St. Louis/Los Angeles RamsAustin Davis
24.2%
San Francisco 49ersTrent Dilfer
23.2%
Seattle SeahawksTrent Dilfer
23.2%
Carolina PanthersDavid Carr
23.1%
Arizona CardinalsShaun King
21.7%
Minnesota VikingsGus Frerotte
21.1%
St. Louis/Los Angeles RamsGus Frerotte
21.1%
St. Louis/Los Angeles RamsChris Chandler
20.1%
Arizona CardinalsJohn Skelton
19.9%
Chicago BearsMatt Barkley
19.8%
Tampa Bay BuccaneersChris Simms
19.1%
Chicago BearsBrian Griese
18.9%
Tampa Bay BuccaneersBrian Griese
18.9%
Carolina PanthersChris Weinke
18.6%
San Francisco 49ersChris Weinke
18.6%
St. Louis/Los Angeles RamsA.J. Feeley
17.7%
Philadelphia EaglesA.J. Feeley
17.7%
Tampa Bay BuccaneersByron Leftwich
17.2%
Atlanta FalconsByron Leftwich
17.2%
Philadelphia EaglesKoy Detmer
16.8%
Seattle SeahawksCharlie Whitehurst
15.8%
Dallas CowboysDrew Henson
15.3%
Washington RedskinsPatrick Ramsey
15.2%
Arizona CardinalsRyan Lindley
13.9%
St. Louis/Los Angeles RamsKellen Clemens
13.6%
Philadelphia EaglesMike McMahon
13.4%
Atlanta FalconsChris Redman
12.9%
St. Louis/Los Angeles RamsKyle Boller
12.9%
Chicago BearsChad Hutchinson
12.4%
Tampa Bay BuccaneersBruce Gradkowski
11%
Tampa Bay BuccaneersTim Rattay
10.9%
San Francisco 49ersTim Rattay
10.9%
Chicago BearsCaleb Hanie
10.7%
St. Louis/Los Angeles RamsJamie Martin
10.6%
San Francisco 49ersJ.T. O'Sullivan
10.1%
San Francisco 49ersKen Dorsey
9.4%
Arizona CardinalsMax Hall
9.2%
Washington RedskinsJohn Beck
8.7%
Minnesota VikingsBrooks Bollinger
7.8%
Chicago BearsCraig Krenzel
7.5%
Minnesota VikingsKelly Holcomb
7.4%
Seattle SeahawksCharlie Frye
7.1%
Dallas CowboysStephen McGee
7.1%
New Orleans SaintsTodd Bouman
6%
Carolina PanthersBrian St. Pierre
5.7%
St. Louis/Los Angeles RamsKeith Null
5%
Arizona CardinalsJohn Navarre
4.3%
St. Louis/Los Angeles RamsBrock Berlin
4%
San Francisco 49ersCody Pickett
3.8%

You're not logged in!

Compare scores with friends on all Sporcle quizzes.
Sign Up with Email
OR
Log In

You Might Also Like...

Show Comments

Extras

Top Quizzes Today


Score Distribution

Your Account Isn't Verified!

In order to create a playlist on Sporcle, you need to verify the email address you used during registration. Go to your Sporcle Settings to finish the process.